000 00325nam a2200145Ia 4500
008 191201s2005 xx 000 0 und d
082 _a510
_bSAE
100 _aSastry, S S
245 0 _aEngineering Mathematics
250 _a3rd
260 _aN.Delhi
_bPHI
_c2005
300 _a751
650 _aApplied
942 _2ddc
_cBK
_04
999 _c1560
_d1560